Valentino Rossi - Choix Multiples - Statistiques

Statistiques générales
  • Ce quiz a été pris 17 fois
  • Le résultat moyen est 9 sur 15
Statistiques - réponses
Question Réponse % Correct
Quelle est la nationalité de Valentino Rossi ? Italienne
100%
Quel est son numéro fétiche ? 46
85%
Combien de fois est-il champion du monde ? 9
77%
Quel surnom lui a été donné dés le début de sa carrière en MotoGP ? The Doctor
77%
Dans quel équipe, a-t-il gagné le plus de titres ? Yamaha
77%
Comment se nomme son demi frère, également pilote en MotoGP ? Luca Marini
69%
Qu'à fait Valentino Rossi après sa retraite du MotoGP ? Pilote automobile
69%
Quelle raison à contraint Valentino de louper 4 Grand Prix lors de la saison 2010 ? Double fracture du tibia
62%
Dans quelle ville, le maire a-t-il décidé de réduire la vitesse pour correspondre au numéro de Valentino ? Tavullia
62%
Lui et sa compagne Francesca Sofia Novello, ont eu deux filles, comment s'appellent-elles ? Giulietta et Gabriella
54%
A la suite de quel Grand Prix en 2015 il à été obligé de partir dernier lors de l'ultime Grand Prix de la saison empêchant d'acquérir son 10eme titre ? Sepang
54%
Combien de victoires a t'il remporté dans toute sa carrière en championnat du monde de vitesse moto ? 115
46%
Quelle est son équipe de football préférée ? Inter Milan
46%
Sur quels circuits Valentino compte-t-il 10 victoires toutes catégorie confondues ? Assen et Catalogne
38%
Dans quelle ville est il né le 16 Février 1979 ? Urbino
31%
Aucun quiz correspondant
Distribution des résultats
% des personnes avec chaque résultat
Percentile par nombre de réponses
Votre historique - résultats
Vous n’avez pas pris ce quiz